=LDR 00000nam 2200000 4500 =001 INLIS000000000040027 =005 20130612145620 =008 ***********************************Ind** =035 ##$$0010-061300000040027 =041 ##$$a Ind =082 ##$$a 808.7 =090 ##$$a 808.7, Har u.1 =100 ##$$a Harepa,Andrias =245 ##$$a Ubah Amarahmu Jadi Tawa, Andrias Harepa =260 ##$$a 2010 $b Jakarta =300 ##$$a 182 hlm, 20 cm =700 ##$$a Hendri Bun =850 ##$$a NBPNMAT